000 00363 a2200169 4500
001 191524
020 _a85-260-0722-X
040 _cMagnum
100 _aRocha, Ruth
240 1 0 _aQuem tem medo de monstro?
_lpor
245 1 0 _aQuem tem medo de monstro?
300 _a20
362 0 _a2004
440 1 _aGlobal
697 _aLITERATURA INFANTO
942 _cBK
999 _c191524
_d191524